banner-ar

دور السياحة والاثار فى التنمية الاقتصادية بمحافظة القليوبية / (Record no. 59776)

MARC details
000 -الفاتح
حقل البيانات ثابتة الطول 00797nam a22002057a 4500
005 - وقت وتاريخ اخر تعامل مع التسجيلة
رقم الضبط 20240530110335.0
008 - عناصر البيانات ثابتة الطول - معلومات عامة
حقل البيانات ثابتة الطول 140907s2007 ua of g 000 0 ara d
017 ## - رقم الايداع القانونى
رقم الايداع القانونى 23871/2007
المصدر ( الهيئة المختصة) القاهرة : دار الكتب المصرية
020 ## - الرقم الدولى المعيارى للكتب
الرقم الدولى المعيارى للكتاب 9774375238
040 ## - مصدر الفهرسة
وكالة الفهرسة الأصلية EG-CaGPL
082 04 - رقم تصنيف ديوى العشرى
رقم الطبعة 21
رقم التصنيف 338.4791
رقم المادة ق/م د
110 ## - المدخل الرئيسى - إسم هيئة
اسم الهيئة أو اسم السلطة كمدخل محافظة القليوبية
245 10 - بيان العنوان
العنوان دور السياحة والاثار فى التنمية الاقتصادية بمحافظة القليوبية /
بيان المسئوليه,etc محافظة القليوبية
250 ## - بيان الطبعة
بيان الطبعة ط 1
260 ## - PUBLICATION, DISTRIBUTION, ETC. (IMPRINT)
تاريخ النشر أو التوزيع 2007
300 ## - الوصف المادى
التعداد 86 ص ؛
أبعاد الوعاء 24 سم
651 07 - المدخل الاضافى بالموضوع - اسم جغرافى
الاسم الجغرافي القليوبية
التقسيم الفرعي العام التنمية الاقتصادية
651 07 - المدخل الاضافى بالموضوع - اسم جغرافى
الاسم الجغرافي القليوبية
التقسيم الفرعي العام الاثار
942 ## - عناصر المدخل الإضافي( كوها)
مصدر التصنيف او مخطط الترفيف Dewey Decimal Classification
Koha [default] item type كتاب
260 ## - PUBLICATION, DISTRIBUTION, ETC. (IMPRINT)
-- القليوبية :
-- محافظة القليوبية ،
Holdings
حالة التراجع حالة الفقد حالة تلف ليس للاعارة المكان المؤقت الموقع الحالى تاريخ الاكتساب اجمالي اﻻعارات رقم الطلب الباركود تاريخ اخر مشاهدة تاريخ تفعيل السعر نوع وعاء كوها
        مكتبة القاهرة الكبرى مكتبة القاهرة الكبرى 09/07/2014   338.4791 ق/م د 158698 10/05/2022 09/07/2014 كتاب

Powered By

EGPV